| 000 | 00782nam a2200217 a 4500 | ||
|---|---|---|---|
| 001 | BRCA_1383 | ||
| 005 | 20190320203413.0 | ||
| 008 | 810122s1975 mx-a---##b---#000-0#spa-# | ||
| 020 | _a9684700326 | ||
| 050 | 4 |
_aNA5250 _b.R36 1975 |
|
| 100 | 1 |
_aRamírez Aparicio, Manuel _d1831-1867 _94528 |
|
| 245 | 1 | 0 |
_aLos conventos suprimidos en México _bestudios biográficos, históricos y arqueológicos _cManuel Ramírez Aparicio. |
| 260 |
_aMéxico _bMiguel Ángel Porrúa _c1982 |
||
| 300 |
_a525 p. _bil. _c24 cm. |
||
| 440 | 0 |
_aTlahuicole _v4 _94529 |
|
| 500 | _aIncluye índice onomástico e índice de lugares de estampillas | ||
| 504 | _aIncluye referencias bibliográficas | ||
| 650 | 1 | 4 |
_aMonasticismo _zMéxico _94530 |
| 650 | 1 | 4 |
_aOrdenes religiosas _zMéxico _9821 |
| 942 |
_2lcc _cB |
||
| 999 |
_c1245 _d1245 |
||